| 000 | 00765nam0a22002411 4500 | ||
|---|---|---|---|
| 001 | rc\1090568 | ||
| 005 | 20250622142859.0 | ||
| 035 | _a(NLR Aleph) 006337480 | ||
| 090 |
_a7609433 _c7609433 |
||
| 100 | _a20041126d1984 |||y0rusy50 ca | ||
| 101 | 0 | _arus | |
| 102 | _aRU | ||
| 105 | _ay ||||||||| | ||
| 200 | 1 |
_aОт поля до прилавка _eСб. ст. _f[Сост. А.Н. Лубков] |
|
| 210 |
_aМ. _cПрофиздат _d1984 |
||
| 215 |
_a80 с. _d20 |
||
| 225 | 1 |
_aБиблиотечка сельского профсоюзного активиста _e11 |
|
| 702 | 1 |
_aЛубков _bА.Н. _gАркадий Николаевич _4220 |
|
| 801 | 0 |
_aRU _bNLR _gpsbo |
|
| 801 | 1 |
_aRU _bELAR _2rusmarc |
|
| 852 |
_aNLR _j85-4/7561 |
||
| 942 | _cBOOK | ||
| 980 | _aNB | ||